[Event "XVIII Winter Open"]
[Site "Nice FRA"]
[Date "2002.12.27"]
[Round "2"]
[White "Cornette,M"]
[Black "Perez,Fl"]
[Result "0-1"]
[WhiteElo "2355"]
[BlackElo "2144"]

1.Nf3 d5 2.c4 c6 3.e3 Nf6 4.Qc2 e6 5.b3 Nbd7 6.Bb2 Bd6 7.Nc3 O-O 8.Be2 Qe7
9.Rg1 e5 10.cxd5 Nxd5 11.Ne4 Ba3 12.g4 Bxb2 13.Qxb2 Re8 14.Ng3 Nc5 15.Nxe5 Qxe5
16.d4 Qe7 17.dxc5 Qxc5 18.Rc1 Qb4+ 19.Kf1 Bxg4 20.Bxg4 Qxg4 21.Nf5 Qh3+ 22.Rg2 f6
23.Nxg7 Re4 24.Rc4 Nf4  0-1

[Event "XVIII Winter Open"]
[Site "Nice FRA"]
[Date "2002.12.27"]
[Round "3"]
[White "Dunis,A"]
[Black "Garbarino,X"]
[Result "1-0"]
[WhiteElo "2399"]
[BlackElo "2113"]

1.Nf3 d5 2.c4 e6 3.d4 c5 4.cxd5 exd5 5.e3 Nf6 6.Be2 Be7 7.dxc5 Bxc5 8.a3 O-O
9.O-O a6 10.b4 Bb6 11.Bb2 Nc6 12.Nbd2 Ne4 13.Nxe4 dxe4 14.Nd2 f5 15.Qb3+ Kh8
16.Nc4 Bc7 17.Rad1 Qe7 18.Qc3 Rg8 19.Rd2 Be6 20.Rfd1 f4 21.Nd6 f3 22.gxf3 exf3
23.Bxf3 Rad8 24.Ne4 Ne5 25.Bg2 Rc8 26.Qc5 Nf3+ 27.Bxf3 Bxh2+ 28.Kxh2 Rxc5
29.bxc5 Qh4+ 30.Kg1 Bg4 31.Bxg4 Qxg4+ 32.Ng3 h5 33.Rd5 Re8 34.R1d4 Qg6 35.Rxh5+ Kg8
36.e4 Qg4 37.Rf5 Rf8 38.Rd7 Rxf5 39.exf5 g6 40.Rg7+ Kf8 41.fxg6 Qd1+ 42.Kh2 Qc2
43.Rxb7 Qxg6 44.Rb6 Qc2 45.Bd4 Qc4 46.Be3 Ke8 47.Rd6 a5 48.Rd1 a4 49.Rc1 Qh4+
50.Kg1 Kd7 51.c6+ Kc8 52.Bb6 Qh6 53.Rc5 Qf6 54.Rd5  1-0

[Event "TSGM Dec"]
[Site "Belgrade YUG"]
[Date "2002.12.28"]
[Round "8"]
[White "Arsovic,Z"]
[Black "Abramovic,B"]
[Result "1/2-1/2"]
[WhiteElo "2410"]
[BlackElo "2492"]

1.Nf3 d5 2.c4 e6 3.d4 Nf6 4.Nc3 Be7 5.Bg5 h6 6.Bh4 O-O 7.e3 Ne4 8.Bxe7 Qxe7
9.Rc1 Nxc3 10.Rxc3 c6 11.Bd3 Nd7 12.O-O e5 13.dxe5  1/2-1/2

[Event "XVIII Winter Open"]
[Site "Nice FRA"]
[Date "2002.12.28"]
[Round "4"]
[White "Glicenstein,A"]
[Black "Miladinovic,I"]
[Result "1/2-1/2"]
[WhiteElo "2209"]
[BlackElo "2518"]

1.Nf3 d5 2.c4 d4 3.e3 Nc6 4.exd4 Nxd4 5.Nxd4 Qxd4 6.d3 c6 7.Nc3 Bf5 8.Be3 Qd7
9.d4 e6 10.a3 Nf6 11.f3 Bd6 12.Qd2 Bg6 13.Bd3 Rd8 14.Kf2 O-O 15.g3 e5 16.Bxg6 fxg6
17.Kg2 exd4 18.Qxd4 Qf5 19.Rad1 Bc7 20.Qxa7 Nh5 21.Rhf1 Rfe8 22.Rde1 Qd3
23.Bg5 Rxe1 24.Rxe1 Rf8 25.Qe3 Qxc4 26.Qe6+ Qxe6 27.Rxe6 h6 28.Be3 Kf7 29.Re4 Nf6
30.Ra4 Re8 31.Kf2 g5 32.Ne4 Nxe4+ 33.Rxe4 Rxe4 34.fxe4 Be5 35.b3 g4 36.Bf4 Bd4+
37.Be3 Bb2 38.a4 h5 39.Ke2 g6 40.Kd3 Bf6 41.Bd4 Be7 42.e5 Ke6 43.Ke4 Bb4
44.Be3 Be1 45.Kf4 Bc3 46.Kg5 Kf7 47.Kf4 Bb2 48.Ke4 Ke6 49.Bd4 Bc1 50.Bc5 g5
51.Bf2 Bd2 52.Kd3 Ba5 53.Ke4 Bc7 54.Be3 Bd8 55.Bf2 Be7 56.Be3 Bd8 57.Bf2 Bc7
58.Be3 Bxe5 59.Bxg5 Bc7 60.Be3 Bd6 61.Bg1 Ba3 62.Be3 Bf8 63.Bg1 Bb4 64.Kf4 Ba3
65.Ke4 Be7  1/2-1/2

[Event "XVIII Winter Open"]
[Site "Nice FRA"]
[Date "2002.12.28"]
[Round "4"]
[White "Van Hoolandt,P"]
[Black "Lazic,Mi"]
[Result "0-1"]
[WhiteElo "2173"]
[BlackElo "2461"]

1.Nf3 d5 2.c4 e6 3.g3 Nf6 4.b3 Be7 5.Bg2 O-O 6.O-O b6 7.Bb2 Bb7 8.e3 Nbd7
9.Nc3 Ne4 10.Rc1 Nxc3 11.Bxc3 c5 12.Qe2 Nf6 13.d3 Rc8 14.Ne5 Rc7 15.f4 Qa8
16.Rf2 Rd8 17.g4 Nd7 18.g5 Nxe5 19.Bxe5 Rcd7 20.Rd1 dxc4 21.bxc4 Bxg2 22.Rxg2 a6
23.e4 b5 24.cxb5 axb5 25.Rg3 c4 26.d4 Bc5 27.Qf2 Qa7 28.f5 exf5 29.exf5 Bxd4
30.Bxd4 Rxd4 31.Re1 Qa8 32.g6 Rd1 33.gxf7+ Kxf7 34.Re3 Rxe1+ 35.Qxe1 Qa7
36.Kf1 Qc5 37.Qe2 Qc6 38.Qh5+ Kg8 39.Qf3  0-1

[Event "35th Open"]
[Site "Trinec CZE"]
[Date "2003.01.02"]
[Round "7"]
[White "Zabystrzan,P"]
[Black "Pazdziora,M"]
[Result "1/2-1/2"]
[WhiteElo "2308"]
[BlackElo "2093"]

1.Nf3 d5 2.c4 dxc4 3.e3 Nf6 4.Bxc4 e6 5.d4 c5 6.Nc3 Nc6 7.O-O Be7 8.a3 cxd4
9.exd4 a6 10.Be3 O-O 11.Qe2 b5 12.Bd3 Bb7 13.Rac1 Rc8 14.b4 Qc7 15.Nd2 Rfd8
16.Nb3 Qb8 17.Ne4 Nxe4 18.Bxe4 Bd6 19.Nc5 Bxc5 20.dxc5 Qe5 21.Bf3 Rd7 22.Rfd1 Rcd8
23.Rxd7 Rxd7 24.Rd1 Rxd1+ 25.Qxd1 Qc7 26.Qd2 Qd8 27.Kf1 Qxd2 28.Bxd2 Kf8
29.Bc3 f6 30.Be4 Kf7 31.f3 Nd8 32.Bd3 Bc6 33.Ke2 g6 34.Ke3 e5 35.g3 Ne6 36.f4 exf4+
37.gxf4 f5 38.Be5 Ke7 39.h4 h5 40.Bc2 Bd5 41.Bd3 Bc6 42.a4 Kd7 43.Bd6 Kd8
44.axb5 axb5 45.Bf1 Kd7 46.Be2 Kd8 47.Bd1 Bd5 48.Bc2 Kd7 49.Bd3 Bc6  1/2-1/2

[Event "ch-NZL"]
[Site "Wanganui NZL"]
[Date "2003.01.03"]
[Round "3"]
[White "Lukey,S"]
[Black "Guthrie,D"]
[Result "1/2-1/2"]
[WhiteElo "2224"]
[BlackElo "2160"]

1.Nf3 d5 2.c4 c6 3.b3 dxc4 4.bxc4 e5 5.Nc3 Bd6 6.g3 Nf6 7.Bg2 O-O 8.O-O Re8
9.d3 h6 10.Bb2 Bf5 11.Qb3 Nbd7 12.Ba3  1/2-1/2

[Event "9th Open"]
[Site "Bosnjaci CRO"]
[Date "2003.01.04"]
[Round "3"]
[White "Pandurevic,M"]
[Black "Rogic,D"]
[Result "1/2-1/2"]
[WhiteElo "2259"]
[BlackElo "2496"]

1.Nf3 d5 2.c4 c6 3.e3 Nf6 4.Nc3 e6 5.a3 Nbd7 6.b4 Bd6 7.Bb2 O-O 8.Qb3 Qe7
9.d4 dxc4 10.Bxc4 e5 11.dxe5 Nxe5 12.Nxe5 Bxe5 13.Ne2 Bxb2 14.Qxb2 Qe4 15.Qd4 a5
16.O-O Qxd4 17.Nxd4 Rd8 18.Nb3 axb4 19.axb4 Rxa1 20.Rxa1 Kf8 21.Nd4 Nd5 22.Bxd5 Rxd5
23.Ra8 Rd8 24.f3 Ke7 25.Kf2 g6 26.h4 h5 27.Ke2 Be6 28.Ra7 Bc4+ 29.Kf2 Rd7
30.g4 hxg4 31.fxg4 Kd6 32.h5 gxh5 33.gxh5 Bd5 34.h6 Be4 35.Kg3 Ke5 36.h7 Bxh7
37.Nxc6+ Ke4 38.Na5 Kxe3 39.Nxb7 Bd3 40.b5 f5 41.b6 f4+ 42.Kh4 f3 43.Nc5 Rd4+
44.Kg3 f2 45.Re7+ Be4 46.Rf7 Rd1 47.Rxf2 Rg1+ 48.Kh2 Rh1+ 49.Kg3 Rg1+  1/2-1/2

[Event "9th Open"]
[Site "Bosnjaci CRO"]
[Date "2003.01.05"]
[Round "4"]
[White "Goric,E"]
[Black "Hrzica,R"]
[Result "1/2-1/2"]
[WhiteElo "2315"]
[BlackElo "2083"]

1.Nf3 d5 2.c4 d4 3.g3 Nc6 4.Bg2 e5 5.O-O Nf6 6.d3 Bc5 7.Nbd2 O-O 8.Rb1 a5
9.a3 a4 10.b4 axb3 11.Nxb3 Bd6 12.Nfd2 Be6 13.Na1 Qc8 14.Nc2 Bh3 15.f3 Bxg2
16.Kxg2 b6 17.Nb4 Ne7 18.Qb3 Nd7 19.Ne4 Bxb4 20.axb4 f5 21.c5+ Kh8 22.Ng5 h6
23.Ne6 Rf6 24.h4 Nb8 25.Ng5 Qg8 26.Qxg8+ Kxg8 27.Nh3 bxc5 28.bxc5 Rc6 29.f4 Rxc5  1/2-1/2

[Event "32nd Rilton Cup"]
[Site "Stockholm SWE"]
[Date "2003.01.05"]
[Round "9"]
[White "Nyback,T"]
[Black "Vasquez,R"]
[Result "1-0"]
[WhiteElo "2445"]
[BlackElo "2481"]

1.Nf3 d5 2.c4 dxc4 3.Na3 c5 4.Nxc4 Nc6 5.g3 f6 6.Bg2 e5 7.O-O Be6 8.b3 Nge7
9.Bb2 Nf5 10.Ne1 Rc8 11.a4 Qd7 12.Nd3 Nfd4 13.f4 Bg4 14.Rf2 Be7 15.Be4 O-O
16.fxe5 Nxe5 17.Nf4 Bf5 18.Bxf5 Qxf5 19.e3 Ndc6 20.Qe2 Rcd8 21.e4 Qg4 22.Nxe5 Nxe5
23.Bxe5 Qxe2 24.Rxe2 fxe5 25.Ne6 Rd3 26.Nxf8 Kxf8 27.Rb1 Kf7 28.Kf1 h5 29.Ke1 h4
30.Re3 Rd4 31.Rc1 hxg3 32.hxg3 b6 33.Rc4 Rd8 34.Ke2 Ke6 35.Rd3 Rh8 36.Rc1 Rh2+
37.Kf3 Bg5 38.Rd5 Rxd2 39.Kg4 Bh6 40.Rxd2 Bxd2 41.Rd1 Be3 42.Rd8 g6 43.Rg8 Kf7
44.Rc8 a5 45.Rc7+ Kf6 46.Rc6+ Kg7 47.Rxb6 Bd2 48.Rb5 Bb4 49.Kg5 Bd2+ 50.Kh4 Bb4
51.g4 Be1+ 52.Kh3 Kf6 53.Rxc5 Bb4 54.Rd5 Bc3 55.Kg3  1-0

[Event "TCh-FIN 2002-3"]
[Site "Finland FIN"]
[Date "2003.01.11"]
[Round "6"]
[White "Porrasmaa,T"]
[Black "Mertanen,J"]
[Result "0-1"]
[WhiteElo "2216"]
[BlackElo "2241"]

1.Nf3 d5 2.c4 c6 3.e3 Nf6 4.d4 Bg4 5.Qb3 Qb6 6.Ne5 Bf5 7.cxd5 Nxd5 8.Bc4 Qxb3
9.Bxb3 Nd7 10.Nxd7 Bxd7 11.Nc3 Nxc3 12.bxc3 e6 13.e4 c5 14.Bb2 Rc8 15.O-O Be7
16.c4 O-O 17.d5 exd5 18.cxd5 c4 19.Bc2 b5 20.e5 Bc5 21.Rad1 Rfe8 22.Rfe1 Bg4
23.Rb1 Rcd8 24.h3 Bc8 25.Bc3 a6 26.d6 Bd7 27.Be4 Rb8 28.Ba5 b4 29.Bc7 Rb5
30.Kf1 Kf8 31.f4 Bb6 32.Bxb6 Rxb6 33.Rec1 f6 34.Bd5 fxe5 35.fxe5 Rxe5 36.Bxc4 a5
37.Rd1 Ke8 38.Rb2 Kd8 39.Rf2 Rf5 40.g4 Rxf2+ 41.Kxf2 Rc6 42.Rd4 g5 43.Ke3 Rc5
44.Bd3 Be6 45.Bxh7 Bxa2 46.Bf5 Re5+ 47.Kd2 Rd5 48.Ke3 Re5+ 49.Kd2 Bb3 50.Rd3 Rd5
51.h4 gxh4 52.Rxd5 Bxd5 53.g5 a4 54.g6 a3 55.Kc1 b3 56.g7  0-1

[Event "ch-IND"]
[Site "Mumbai IND"]
[Date "2003.01.19"]
[Round "3"]
[White "Kunte,A"]
[Black "Barua,D"]
[Result "1-0"]
[WhiteElo "2507"]
[BlackElo "2541"]

1.Nf3 d5 2.c4 e6 3.g3 Nf6 4.Bg2 Be7 5.O-O O-O 6.d4 c6 7.Qc2 Nbd7 8.b3 b6
9.Rd1 Ba6 10.Nbd2 c5 11.e4 dxc4 12.bxc4 cxd4 13.e5 Ng4 14.Qe4 h5 15.h3 Nc5
16.Qb1 Nh6 17.Nb3 d3 18.Nxc5 bxc5 19.Bxh6 gxh6 20.Rxd3 Qc7 21.Qc1 Kg7 22.h4 Rfd8
23.Ra3 Bb7 24.Qe3 Rd4 25.Rb1 Rxc4 26.Rxb7 Qxb7 27.Nd2 Rc1+ 28.Kh2 Qc8 29.Ne4 Rb1
30.Nf6 Rb4 31.Nxh5+ Kg8 32.Bxa8 Qxa8 33.Qxh6 Rg4 34.Nf6+ Bxf6 35.Qxf6 c4
36.Ra6 Rd4 37.Rd6 Rxd6 38.Qg5+ Kf8 39.exd6 Qf3 40.Qc5 Qd5 41.Qc8+ Kg7 42.d7 Qd4
43.Kg1 Qd1+ 44.Kg2 Qd5+ 45.f3 Qd2+ 46.Kh3 Qd3 47.d8=Q Qf5+ 48.Kg2 Qc2+ 49.Kf1 Qb1+
50.Ke2 Kh7 51.Kf2 Qb2+ 52.Kf1 Qb1+ 53.Kg2 Qf5 54.Kh2  1-0

[Event "ch-IND"]
[Site "Mumbai IND"]
[Date "2003.01.19"]
[Round "3"]
[White "Arvind,S"]
[Black "Suvrajit,S"]
[Result "1/2-1/2"]
[WhiteElo "2330"]
[BlackElo "2390"]

1.Nf3 d5 2.c4 c6 3.e3 Nf6 4.Qc2 e6 5.b3 Nbd7 6.Bb2 Bd6 7.Nc3 O-O 8.Be2 a6
9.Rg1 dxc4 10.bxc4 e5 11.g4 Nc5 12.g5 Nfd7 13.h4 Re8 14.O-O-O e4 15.d4 exf3
16.dxc5 fxe2 17.Rxd6 Qe7 18.Nxe2 Nxc5 19.Rdd1 Ne4 20.Ng3 Nxg3 21.Rxg3 Qb4
22.a3 Qa5 23.c5 Be6 24.Rd4 Rad8 25.Qc3 Qxc3+ 26.Bxc3 Rxd4 27.Bxd4 Kf8 28.Rg1 Bd5
29.Kd2 Re4 30.f4 Be6 31.Rb1 Bc8 32.Rb4 Kg8 33.Kd3 Bf5 34.Kc3 Bc8 35.Rb2 Kf8
36.Re2 Bf5 37.Kb4 Ke8 38.Ka5 Kd7 39.Kb6 Kc8 40.Bxg7 Rc4 41.Rd2 Rc1 42.Bf6 Bd7
43.Rb2 Bf5 44.Rd2 Bd7 45.Rd3 Rb1+ 46.Ka7 a5 47.a4 Rb4 48.Rd4 Rxd4 49.Bxd4 Bf5
50.Kb6 Bc2 51.Kxa5 Kd7 52.Kb4 Ke6 53.Kc3 Be4 54.Kc4 Kf5 55.h5 Bf3 56.h6 Bd1
57.Kd3 Bf3 58.Be5 Bd5 59.Kd4 Bf3 60.Kc4 Be2+ 61.Kb4 Bd1 62.Ka5 Bc2 63.Kb6 Bxa4
64.Kxb7 Bb5 65.Kc7 Ba4 66.Kd6 Bb5 67.Bf6 Ba4 68.Be5 Bb5 69.e4+ Kxe4 70.Ke7 Bd3
71.Kxf7 Kf3 72.Ke6 Kg4 73.Kd6 Be4 74.g6 Bxg6 75.Kxc6 Kh5 76.Kd7 Bf5+ 77.Ke7 Kxh6
78.c6 Kh5 79.Bg7 Kg4 80.Bh6 Kh5 81.Kf6 Bc8 82.Kg7 Bf5 83.c7 Kg4 84.Kf6 Bc8
85.Ke7 Kh5 86.Kd8 Bf5 87.Bg5 h6 88.c8=Q Bxc8 89.Kxc8 hxg5 90.f5 g4 91.Kd7 g3
92.f6 Kg6 93.Ke6 g2 94.f7 g1=Q 95.f8=Q Qe3+ 96.Kd7 Qa7+ 97.Kc6  1/2-1/2

[Event "ch-IND"]
[Site "Mumbai IND"]
[Date "2003.01.27"]
[Round "15"]
[White "Kunte,A"]
[Black "Arvind,S"]
[Result "1/2-1/2"]
[WhiteElo "2507"]
[BlackElo "2330"]

1.Nf3 d5 2.c4 e6 3.g3 Nf6 4.Bg2 dxc4 5.Qa4+ c6 6.Qxc4 b5 7.Qc2 Bb7 8.d4 Nbd7
9.a4 a6 10.O-O c5 11.Bg5 Rc8 12.axb5 axb5 13.Bxf6 Nxf6 14.Qb3 Qb6 15.Nc3 b4
16.Na4 Qb5 17.Nxc5 Bxc5 18.dxc5 Qxc5 19.Ra4 Nd5 20.Ne5 Qc7 21.Nd3 O-O 22.Nxb4 Nxb4
23.Bxb7 Qxb7 24.Rxb4 Qa6 25.Qd3 Qxd3 26.exd3 Rb8 27.Rxb8 Rxb8 28.Rb1 Rb3
29.Kf1 Rxd3 30.b4 Rd7 31.Ke2 Kf8 32.Rd1 Rc7 33.Kd3 Ke7 34.Ra1 Kd6 35.Ra6+ Kd5
36.Ra5+ Kd6 37.Kd4 Rc2 38.Ra6+ Ke7 39.Ra7+ Kf6 40.b5 Rxf2 41.b6 Rxh2 42.Ra4 Rb2
43.Kc5 Ke7 44.Ra7+ Kf6 45.Ra5 Ke7 46.Rb5 Rc2+ 47.Kd4 Rd2+ 48.Kc5 Rc2+ 49.Kb4 Rb2+
50.Kc4 Rc2+ 51.Kb4 Rc8 52.b7  1/2-1/2

[Event "ch-IND"]
[Site "Mumbai IND"]
[Date "2003.01.27"]
[Round "15"]
[White "Ravi,L"]
[Black "Sundararajan,K"]
[Result "0-1"]
[WhiteElo "2419"]
[BlackElo "2416"]

1.Nf3 d5 2.c4 c6 3.e3 Nf6 4.Qc2 g6 5.b4 Bg7 6.Bb2 O-O 7.d3 a5 8.a3 axb4 9.axb4 Rxa1
10.Bxa1 Na6 11.Bc3 dxc4 12.dxc4 Bf5 13.Qb2 c5 14.b5 Nb4 15.Be2 Nc2+ 16.Kf1 Bh6
17.Nbd2 Qd6 18.Ne5 Nb4 19.g4 Nd3 20.Bxd3 Bxd3+ 21.Kg2 Nd7 22.Nxd3 Qxd3 23.h4 e5
24.g5 Bg7 25.Rh3 f6 26.gxf6 Rxf6 27.Qa3 Qe2 28.Nf3 Rf8 29.Qb2 Qxb2 30.Bxb2 e4
31.Ng5 Bxb2 32.Nxe4 Ba3 33.Rh1 Ne5 34.Ra1 Nxc4 35.Ra2 b6 36.Rc2 Na5 37.Rd2 c4
38.Rd7 Rf7 39.Rd8+ Kg7 40.Rc8 Bb4 41.f4 Rd7 42.Kf3 Be7 43.h5 gxh5 44.Ng3 h4
45.Nf5+ Kf7 46.e4 Bd8 47.Kg4 Rd3 48.e5 Ke6 49.Nxh4 Kd7 50.Ra8 c3 51.Ra7+ Ke6
52.Nf3 c2 53.f5+ Kd5 54.Rd7+ Kc4 55.Rxd3 Kxd3 56.Ne1+ Ke4 57.Nxc2 Kxe5 58.Nb4 Ke4
59.Na2 Kd4 60.Nb4 Ke5  0-1

[Event "II It"]
[Site "Sao Jose de Rio Preto BRA"]
[Date "2003.01.28"]
[Round "6"]
[White "Marques,V"]
[Black "Da Silva,A"]
[Result "1-0"]
[WhiteElo "2319"]
[BlackElo "2128"]

1.Nf3 d5 2.c4 c6 3.e3 e6 4.Nc3 f5 5.Qc2 Nf6 6.d3 Bb4 7.a3 Ba5 8.Be2 O-O 9.O-O Bc7
10.b4 h6 11.Bb2 g5 12.Rad1 Bd7 13.Na4 b6 14.Ne5 a5 15.c5 b5 16.Nb6 Bxb6 17.cxb6 Qxb6
18.Bd4 Qc7 19.Rc1 axb4 20.axb4 Be8 21.Qb2 Nfd7 22.Ra1 Rxa1 23.Rxa1 Nb6 24.Bd1 N8d7
25.Nxd7 Bxd7 26.Bg7 Rf7 27.Be5 Qb7 28.Bh5 Rf8 29.Bd6 Rf7 30.Bxf7+ Kxf7 31.Qh8 Kg6
32.Qg8+ Kf6 33.Qh7  1-0

[Event "ch-IND"]
[Site "Mumbai IND"]
[Date "2003.01.29"]
[Round "18"]
[White "Sundararajan,K"]
[Black "Suvrajit,S"]
[Result "1/2-1/2"]
[WhiteElo "2416"]
[BlackElo "2390"]

1.Nf3 d5 2.c4 e6 3.d4 Nf6 4.Nc3 Be7 5.Bg5 h6 6.Bh4 O-O 7.e3 b6 8.Bd3 Bb7
9.O-O c5 10.Qe2 cxd4 11.Nxd4 Nbd7 12.Bg3 Nc5 13.Bc2 dxc4 14.Qxc4 Rc8 15.Qe2 Nce4
16.Nxe4 Bxe4 17.Bb3 Qd7 18.Bc4 Bd6 19.Rfd1 Bxg3 20.hxg3 Qe7 21.Rac1 Rfd8
22.Ba6 Bb7 23.a3 Rxc1 24.Rxc1 Bxa6 25.Qxa6 Ng4 26.Nc6 Qc7 27.Qc4 Rd6 28.Qxg4  1/2-1/2

[Event "ch-IND"]
[Site "Mumbai IND"]
[Date "2003.01.29"]
[Round "18"]
[White "Arvind,S"]
[Black "Neelotpal,D"]
[Result "0-1"]
[WhiteElo "2330"]
[BlackElo "2406"]

1.Nf3 d5 2.c4 c6 3.g3 Bg4 4.cxd5 Bxf3 5.exf3 cxd5 6.Qb3 Qd7 7.d4 Nc6 8.Be3 e6
9.Nc3 Nf6 10.Rc1 Bd6 11.Bb5 O-O 12.O-O Rfc8 13.Na4 Qe7 14.Bxc6 bxc6 15.Rfe1 Nd7
16.Qb7 Rab8 17.Qxa7 Qe8 18.Nc5 Bxc5 19.dxc5 Ra8 20.Qb7 Ne5 21.Re2 Nxf3+ 22.Kg2 f6
23.Rec2 Qh5 24.Qb4 d4 25.Qb3 dxe3 26.Qxe6+ Kh8 27.g4 Nh4+ 28.Kg3 Qh6 29.Qxe3 Ng6
30.b4  0-1

[Event "National I"]
[Site "Bischwiller FRA"]
[Date "2003.01.31"]
[Round "1"]
[White "Marzolo,C"]
[Black "Nezar,M"]
[Result "1-0"]
[WhiteElo "2480"]
[BlackElo "2320"]

1.Nf3 d5 2.c4 c6 3.Qc2 Nf6 4.g3 g6 5.Bg2 Bg7 6.O-O O-O 7.d3 Na6 8.a3 Re8
9.Rd1 e5 10.e4 b6 11.b4 Bb7 12.Nc3 d4 13.Ne2 c5 14.Rb1 Nd7 15.Nh4 Bf6 16.Qa4 Nf8
17.Nf3 Qc8 18.Nd2 Be7 19.f4 exf4 20.Nxf4 Qd7 21.b5 Nc7 22.Qc2 Bf6 23.a4 Nfe6
24.Nd5 Nxd5 25.cxd5 Ng5 26.Nc4 h5 27.a5 h4 28.gxh4 Nh7 29.Kh1 Bxh4 30.Rf1 Qg4
31.Bf3 Qd7 32.Qg2 Ng5 33.Bxg5  1-0

[Event "National I"]
[Site "Drancy FRA"]
[Date "2003.02.01"]
[Round "2"]
[White "Giffard,N"]
[Black "Mazet,J"]
[Result "1-0"]
[WhiteElo "2317"]
[BlackElo "2221"]

1.Nf3 d5 2.c4 e6 3.g3 Nf6 4.Bg2 Be7 5.O-O O-O 6.b3 a5 7.Bb2 a4 8.bxa4 Nbd7
9.cxd5 exd5 10.Nc3 Nb6 11.Rb1 d4 12.Nb5 c5 13.Ne5 Rxa4 14.a3 Ra5 15.Ba1 Nfd5
16.e3 Bd7 17.Nxd7 Qxd7 18.Qe2 d3 19.Qh5 Rxb5 20.Rxb5 Qxb5 21.Bxd5 Nxd5 22.Qxd5 Rd8
23.Qa2 Qc6 24.Rb1 c4 25.Bd4 Bf8 26.Rb6 Qd5 27.a4 Rd7 28.a5 h5 29.Qa4 h4 30.Qb5 Qxb5
31.Rxb5 hxg3 32.fxg3 Be7 33.Kf2 f6 34.Kf3 Kf7 35.Ke4 Ke6 36.Rb6+ Bd6 37.g4 Rc7
38.h4 g6 39.Bxf6 Kxf6 40.Rxd6+ Ke7 41.Rxg6 c3 42.Rg7+ Kd6 43.Rxc7 cxd2 44.Rc3  1-0

[Event "National I"]
[Site "Drancy FRA"]
[Date "2003.02.02"]
[Round "3"]
[White "Giffard,N"]
[Black "Fressinet,L"]
[Result "0-1"]
[WhiteElo "2317"]
[BlackElo "2593"]

1.Nf3 d5 2.c4 c6 3.e3 Nf6 4.b3 g6 5.Bb2 Bg7 6.cxd5 cxd5 7.h3 O-O 8.Be2 Nc6
9.O-O Bf5 10.d3 Rc8 11.a3 Qd6 12.b4 a6 13.Nbd2 e5 14.Nb3 Nd7 15.Rc1 d4 16.e4 Be6
17.Ng5 Bxb3 18.Qxb3 Bh6 19.h4 Qe7 20.Bg4 Rcd8 21.Bxd7 Rxd7 22.Rc5 Bxg5 23.hxg5 Qxg5
24.f4 Qe7 25.f5 gxf5 26.Rxf5 Kh8 27.Rc2 Rd6 28.Rcf2 Nd8 29.Bc1 Rg8 30.b5 Rdg6
31.a4 f6 32.Qd1 axb5 33.axb5 Ne6 34.Qf1 Rf8 35.Bd2 Ng7 36.R5f3 Nh5 37.Qb1 Rfg8
38.Bc1 Ng3 39.Qa2 Qg7 40.b6 Rg4 41.Ba3 Qh6 42.Rxg3 Rxg3 43.Be7 Qc1+  0-1

[Event "3rd GM"]
[Site "Griesheim GER"]
[Date "2003.02.02"]
[Round "5"]
[White "Jakubiec,A"]
[Black "Krivoshey,S"]
[Result "1-0"]
[WhiteElo "2532"]
[BlackElo "2503"]

1.Nf3 d5 2.c4 c6 3.e3 Nf6 4.Qc2 e6 5.b3 Nbd7 6.Bb2 Bd6 7.Nc3 O-O 8.Be2 a6
9.Rg1 e5 10.g4 e4 11.g5 Ng4 12.Rxg4 exf3 13.Bd3 Ne5 14.Rg1 Nxd3+ 15.Qxd3 Be5
16.O-O-O Be6 17.c5 Qd7 18.h4 Rad8 19.Qc2 d4 20.Na4 d3 21.Qb1 Qc7 22.Bxe5 Qxe5
23.Rg3 g6 24.Rdg1 Qe4 25.Qb2 Rd5 26.Kb1 Qxh4 27.e4 Qxe4 28.Nc3 Qf5 29.Nxd5 Qxd5
30.Qc3 Rd8 31.Re1 Qd4 32.Qxd4 Rxd4 33.Re5 Bd5 34.Kb2 f6 35.gxf6 Rf4 36.Re7 Rxf6
37.Kc3 Rf7 38.Re5  1-0

[Event "Jose Marti Memorial"]
[Site "Las Tunas CUB"]
[Date "2003.02.03"]
[Round "9"]
[White "Rodriguez,Dag"]
[Black "Parra,El"]
[Result "0-1"]
[WhiteElo "2218"]
[BlackElo "2244"]

1.Nf3 d5 2.c4 c6 3.e3 Nf6 4.Nc3 e6 5.b3 Nbd7 6.Bb2 Bd6 7.Be2 O-O 8.d4 Re8
9.O-O a6 10.Qc2 e5 11.dxe5 Nxe5 12.cxd5 cxd5 13.Rfd1 Qc7 14.h3 Be6 15.Rac1 Rac8
16.Qb1 Qd7 17.Nd4 Bxh3 18.gxh3 Qxh3 19.Qf5 Neg4 20.Bxg4 Bh2+ 21.Kh1 Nxg4
22.Rc2 Bf4+ 23.Kg1 Bh2+ 24.Kh1 Rxc3 25.Bxc3 Bf4+ 26.Kg1 Qh2+ 27.Kf1 Nxe3+
28.fxe3 Qh1+ 29.Ke2 Qg2+ 30.Ke1 Rxe3+ 31.Ne2 Rxe2+  0-1

[Event "II Marcelo Salado Cup Gp B"]
[Site "Santa Clara CUB"]
[Date "2003.02.05"]
[Round "3"]
[White "Mestre,P"]
[Black "Gil Hector,L"]
[Result "0-1"]
[WhiteElo "2168"]
[BlackElo "2237"]

1.Nf3 d5 2.c4 e6 3.g3 Nf6 4.Bg2 Be7 5.O-O O-O 6.d4 b6 7.Nc3 Bb7 8.cxd5 exd5
9.Qc2 Nbd7 10.a3 Re8 11.Rd1 Bf8 12.Bf4 c6 13.Re1 h6 14.Rad1 a6 15.Bh3 g5
16.Nxg5 hxg5 17.Bxg5 Be7 18.Bf5 Ne4 19.Nxe4 dxe4 20.Bf4 Nf6 21.Be5 Bc8 22.Bxe4 Nxe4
23.Qxe4 Qd5 24.Qf4 Qe6 25.e4 Qg6 26.h4 Bf8 27.Kg2 Bh6 28.Qf6 Qxf6 29.Bxf6 Be6
30.Rg1 Bb3 31.Rde1 Re6 32.Be5 c5 33.g4 cxd4 34.Bxd4 Rd8 35.Bc3 Rd3 36.g5 Bg7
37.f4 Bxc3 38.bxc3 Rc6 39.Re2 Rcxc3 40.f5  0-1

[Event "1st It"]
[Site "Ilha Solteira-SP BRA"]
[Date "2003.02.06"]
[Round "5"]
[White "Disconzi da Silva,R"]
[Black "Cubas,Jo"]
[Result "0-1"]
[WhiteElo "2389"]
[BlackElo "2439"]

1.Nf3 d5 2.c4 c6 3.e3 Nf6 4.Nc3 a6 5.b3 Bg4 6.Be2 Bxf3 7.Bxf3 e5 8.Bb2 Be7
9.d3 O-O 10.O-O b5 11.Qc2 Ra7 12.Rac1 Rc7 13.Ne2 Qd6 14.Ng3 Rfc8 15.Qc3 dxc4
16.dxc4 Nbd7 17.Nf5 Qe6 18.Nxe7+ Qxe7 19.Rfd1 b4 20.Qd2 a5 21.Qd6 Qxd6 22.Rxd6 Kf8
23.Rcd1 Ke7 24.R1d2 g6 25.g4 Ne8 26.c5 Nxc5 27.Bxe5 Nd7 28.Bg3 Nxd6 29.Bxd6+ Ke6
30.g5 f5 31.Bxc7 Rxc7 32.Be2 Nb6 33.Rd8 Rc8 34.Bc4+ Ke7 35.Rd4 Nxc4 36.Rxc4 c5
37.Rh4 Kd6 38.Rxh7 a4 39.Rg7 c4 40.Rxg6+ Kc5 41.bxc4 b3 42.axb3 axb3 43.Rg7 Kc6
44.Rg6+ Kb7 45.Rd6 b2 46.Rd1 Rxc4 47.Rb1 Rc1+ 48.Kg2 Rxb1  0-1

[Event "Bermuda Open"]
[Site "Southampton BER"]
[Date "2003.02.07"]
[Round "1"]
[White "Fridman,D"]
[Black "Kovacova,Z"]
[Result "1-0"]
[WhiteElo "2572"]
[BlackElo "2042"]

1.Nf3 d5 2.c4 c6 3.d4 Nf6 4.e3 e6 5.Bd3 Be7 6.O-O O-O 7.Nc3 Re8 8.e4 dxe4
9.Nxe4 Nbd7 10.b3 c5 11.Bb2 h6 12.Re1 b6 13.Ne5 Bb7 14.Nxd7 Nxe4 15.Ne5 Nf6
16.Bc2 Qc7 17.Qd3 cxd4 18.Bxd4 Rad8 19.Qe3 Bd6 20.Qc3 Bc5 21.Bxc5 Qxc5 22.b4 Qc7
23.Ba4 Rf8 24.f3 Rc8 25.Qe3 Rfd8 26.Rac1 Qe7 27.a3 Rc7 28.Re2 Rd6 29.Rd2 Rc8
30.Rxd6 Qxd6 31.Rd1 Qc7 32.Qd4 Qe7 33.Kf2 Qc7 34.Ke3 Qe7 35.g3 Qc7 36.Rd2 Qe7
37.Qd6 Qxd6 38.Rxd6 Kf8 39.Bc6 Bxc6 40.Rxc6 Rxc6 41.Nxc6 a6 42.Nb8 a5 43.bxa5 bxa5
44.Kd4  1-0

[Event "Tch-SWE 2002-3"]
[Site "Sweden SWE"]
[Date "2003.02.08"]
[Round "7"]
[White "Gausel,E"]
[Black "Johansson,Mi1"]
[Result "1-0"]
[WhiteElo "2533"]
[BlackElo "2275"]

1.Nf3 d5 2.c4 c6 3.d4 Nf6 4.Qc2 e6 5.Bg5 Nbd7 6.e3 Qa5+ 7.Nbd2 Ne4 8.cxd5 Nxg5
9.Nxg5 Nf6 10.Nf3 cxd5 11.Bd3 Bd7 12.O-O Rc8 13.Qd1 Be7 14.Qe2 Qb6 15.Ne5 O-O
16.f4 Rc7 17.Ndf3 Ne4 18.Rac1 Rxc1 19.Rxc1 Nf6 20.g4 Bc6 21.g5 Ne4 22.Nxc6 bxc6
23.Bxe4 dxe4 24.Ne5 Rc8 25.Qc2 c5 26.Nd7 Qd8 27.Nxc5 e5 28.Qxe4 exf4 29.Qxf4 Bxg5
30.Qf3 Qe7 31.Rc3 Re8 32.e4 Rd8 33.Rd3 g6 34.Kh1 Bh4 35.e5 Qc7 36.Rd1 Re8
37.Rf1 a5 38.b3 Kg7 39.Ne4 Re7 40.Qf4 g5 41.Nxg5 Bxg5 42.Qxg5+ Kf8 43.Rc1 Qb6
44.d5 h6 45.Qf4 Rc7 46.Rxc7 Qxc7 47.Qxh6+ Kg8 48.Qe3 Qc2 49.a4 Kf8 50.d6 Qb1+
51.Kg2 Qg6+ 52.Kf2 Qc2+ 53.Kg3 Qg6+ 54.Kf4 Qh6+ 55.Ke4 Qxh2 56.Qc3 Qe2+ 57.Kd4 Qa6
58.Qc7 Qe2 59.d7 Qf2+ 60.Kd5 Qf3+ 61.Kd6  1-0

[Event "1st NAO GM"]
[Site "Paris FRA"]
[Date "2003.02.13"]
[Round "1"]
[White "Nikcevic,N"]
[Black "Marzolo,C"]
[Result "1-0"]
[WhiteElo "2468"]
[BlackElo "2480"]

1.Nf3 d5 2.c4 c6 3.e3 Nf6 4.Nc3 a6 5.d4 b5 6.cxd5 cxd5 7.Ne5 e6 8.Bd2 Bd6
9.Bd3 Bb7 10.O-O O-O 11.Qb1 Nbd7 12.f4 g6 13.Be1 Rc8 14.Bh4 Be7 15.Bg5 b4
16.Na4 Nxe5 17.fxe5 Nd7 18.Bh6 Bg5 19.Bxf8 Bxe3+ 20.Kh1 Qxf8 21.Qd1 Qh6 22.Qg4 Qg5
23.Qxg5 Bxg5 24.Rf3 Bc6 25.b3 Bxa4 26.bxa4 a5 27.Bb5 Nb6 28.a3 bxa3 29.Rfxa3 Bd2
30.Rd3 Bg5 31.g3 h5 32.Rf1 Be7 33.Rdf3 Rf8 34.Rc1 Bb4 35.Rc7 Nc8 36.Rb3 Nb6
37.Kg2 Rc8 38.Rxc8+ Nxc8 39.Kf3 Kf8 40.Ke3 Ke7 41.Rb2 Kd8 42.Rf2 Ke7 43.Rc2 Kd8
44.Rf2 Ke7 45.Kd3 Nb6 46.Rc2 Kd8 47.Rc6 Na8 48.Ra6 Nc7 49.Rb6 Kc8 50.Bc6 g5
51.h3 Be7 52.Rb1 f6 53.Rc1 fxe5 54.dxe5 Kd8 55.Bb5 Ba3 56.Rc2 Bb4 57.g4 hxg4
58.hxg4 Be1 59.Re2 Bb4 60.Rh2 Kc8 61.Rh7 Ba3 62.Rg7 Bc1 63.Bc6 Kb8 64.Bd7 Na6
65.Bxe6 Nb4+ 66.Ke2 Bf4 67.Bf5  1-0

[Event "11th Aosta Open"]
[Site "Saint Vincent ITA"]
[Date "2003.02.14"]
[Round "7"]
[White "Szekely,P"]
[Black "Bontempi,P"]
[Result "1/2-1/2"]
[WhiteElo "2417"]
[BlackElo "2316"]

1.Nf3 d5 2.c4 d4 3.g3 c5 4.Bg2 Nc6 5.d3 e5 6.O-O Nf6 7.e3 Bd6 8.exd4 cxd4
9.Re1 O-O 10.a3 a5 11.Bg5 Bf5 12.Nh4 Be6 13.Qf3 Qb6 14.Nf5 Bxf5 15.Qxf5 Qxb2
16.Bxf6 Be7 17.Nd2 g6 18.Qf3 Bxf6 19.Ne4 Be7 20.Reb1  1/2-1/2